El Trabajo de los jóvenes /

Sparad:
Bibliografiska uppgifter
Huvudupphovsman: Lozano, Claudio
Materialtyp: Text
Ämnen:
Taggar: Lägg till en tagg
Inga taggar, Lägg till första taggen!

MARC

LEADER 00000 a a2200000 04500
001 9502
003
040
100 |a Lozano, Claudio  
245 |a El Trabajo de los jóvenes /  |c Claudio Lozano 
650 |a JUVENTUD  
650 |a TRABAJO  
650 |a MERCADO DE TRABAJO  
650 |a MODELOS ECONOMICOS  
650 |a DESIGUALDAD SOCIAL  
650 |a DESARROLLO ECONOMICO Y SOCIAL  
650 |a POBREZA  
650 |a DEMOCRATIZACION  
650 |a ESTADISTICAS ECONOMICAS  
773 |g número 1; páginas 29-44  
999 |c 24315  |d 24315